[Event "Mittelrhein Verbandsliga-S 17/18"]
[Site "Nordrheinwestfalen"]
[Date "2018.01.14"]
[Round "6.3"]
[White "Meisser, Wolf Dieter"]
[Black "Gohr, Aron"]
[Result "1-0"]
[WhiteElo "1959"]
[BlackElo "1977"]
[PlyCount "49"]
[EventDate "2017.09.10"]
[EventType "team-tourn"]
[EventRounds "11"]
[EventCountry "GER"]
[SourceTitle "EXT 2022"]
[Source "ChessBase"]
[SourceDate "2021.10.06"]
[SourceVersion "1"]
[SourceVersionDate "2021.10.06"]
[SourceQuality "1"]
[WhiteTeam "Lohmar"]
[BlackTeam "Godesberg III"]
[WhiteTeamCountry "GER"]
[BlackTeamCountry "GER"]

1. e4 e6 2. d4 d5 3. Nd2 Nf6 4. e5 Nfd7 5. Bd3 c5 6. c3 Nc6 7. Ne2 Qb6 8. Nf3 f6 9. exf6 Nxf6 10. 0-0 Bd6 11. dxc5 Bxc5 12. Ned4 e5 13. Nxc6 bxc6 14. Nxe5 0-0 15. Qc2 Qc7 16. Bf4 Ne4 17. Bxe4 dxe4 18. Qb3+ Rf7 19. Rfe1 g5 20. Nxf7 Qxf4 21. Nxg5+ Kg7 22. Nxe4 Bb6 23. Qb4 Bf5 24. Qe7+ Kg8 25. Qg5+ 1-0

[Event "Mittelrhein Verbandsliga-O 15/16"]
[Site "Nordrheinwestfalen"]
[Date "2016.04.10"]
[Round "10"]
[White "Meisser, Wolf Dieter"]
[Black "Stuch, Hans Ferdinand"]
[Result "1-0"]
[WhiteElo "1947"]
[BlackElo "1603"]
[PlyCount "45"]
[EventDate "2015.09.06"]
[EventType "team-tourn"]
[EventRounds "11"]
[EventCountry "GER"]
[SourceTitle "EXT 2022"]
[Source "ChessBase"]
[SourceDate "2021.10.06"]
[SourceVersion "1"]
[SourceVersionDate "2021.10.06"]
[SourceQuality "1"]
[WhiteTeam "Lohmar"]
[BlackTeam "Bonn Beuel II"]
[WhiteTeamCountry "GER"]
[BlackTeamCountry "GER"]

1. Nf3 Nf6 2. g3 e6 3. c4 d5 4. Bg2 c5 5. cxd5 exd5 6. 0-0 Nc6 7. d4 c4 8. b3 b5 9. a4 Na5 10. Nfd2 Rb8 11. axb5 cxb3 12. Nxb3 Rxb5 13. Nxa5 Rxa5 14. Rxa5 Qxa5 15. Qc2 Bd7 16. e4 dxe4 17. Nc3 Bb4 18. Nxe4 Nd5 19. Ng5 Nf6 20. Qe2+ Kf8 21. Qc4 Be8 22. Bc6 Qc7 23. Qxb4+ 1-0

[Event "Mittelrhein Verbandsliga-O 15/16"]
[Site "Nordrheinwestfalen"]
[Date "2015.11.15"]
[Round "4"]
[White "Vossen, Klaus"]
[Black "Meisser, Wolf Dieter"]
[Result "1-0"]
[WhiteElo "1867"]
[BlackElo "1987"]
[PlyCount "67"]
[EventDate "2015.09.06"]
[EventType "team-tourn"]
[EventRounds "11"]
[EventCountry "GER"]
[SourceTitle "EXT 2022"]
[Source "ChessBase"]
[SourceDate "2021.10.06"]
[SourceVersion "1"]
[SourceVersionDate "2021.10.06"]
[SourceQuality "1"]
[WhiteTeam "Hennef"]
[BlackTeam "Lohmar"]
[WhiteTeamCountry "GER"]
[BlackTeamCountry "GER"]

1. d4 g6 2. c4 Bg7 3. Nc3 d6 4. e4 Nf6 5. Be2 c5 6. d5 0-0 7. Nf3 e6 8. 0-0 exd5 9. cxd5 Re8 10. Nd2 Na6 11. h3 Nc7 12. a4 b6 13. Ra3 Ba6 14. Re1 Bxe2 15. Rxe2 Qd7 16. Nc4 Re7 17. Bf4 Nfe8 18. Nb5 Nxb5 19. axb5 Qxb5 20. Nxd6 Qd7 21. Nc4 Rd8 22. Rd3 Bd4 23. Rxd4 cxd4 24. Ne5 Rxe5 25. Bxe5 f5 26. f3 Qb5 27. Bxd4 fxe4 28. fxe4 Nd6 29. Bf6 Rc8 30. Be7 Nc4 31. Qd3 Qd7 32. d6 Ne5 33. Qd5+ Nf7 34. Rf2 1-0